| 000 | 00602nam a22001817a 4500 | ||
|---|---|---|---|
| 999 |
_c193720 _d193720 |
||
| 005 | 20221130111540.0 | ||
| 010 | _aENG-135663 | ||
| 020 |
_a9789354574412 _c250.00 |
||
| 035 | _aEN-119195 | ||
| 037 | _bDBAD/PUB | ||
| 082 | _a613.71 | ||
| 245 |
_aInnovative pedagogy and research _cedited by C. Shirley Moral |
||
| 260 |
_aVasantha Nagar _bShanlaxpublications _c2021 |
||
| 270 |
_a61,66 T.P.K. Main Road Vasantha Nagar _b Madurai _e625003 _mpublisher@shanlaxpublications.com |
||
| 300 |
_a183p. _c22cm(pbk) |
||
| 700 |
_aMoral, C. Shirley _eeditor |
||
| 942 |
_2ddc _cEN _mMOR _h613.71 |
||